|
|
|
|
| LEADER |
01144nam a2200265 a 4500 |
| 001 |
GR-MES12716 |
| 008 |
070709s gr b 001 0 gre d |
| 020 |
|
|
|a 0273683985
|
| 040 |
|
|
|a GrPaTEI
|b gre
|c GR-PaULI
|
| 040 |
|
|
|a GrPaTEI
|b gre
|c GR-PaULI
|
| 082 |
|
0 |
|a 330.024.658
|2 21
|
| 100 |
1 |
|
|a McAleese, Dermot
|
| 245 |
1 |
0 |
|a Economics for business :
|b competition, macro-stability and globalisation /
|c Dermot McAleese.
|
| 250 |
|
|
|a 3rd ed.
|
| 260 |
|
|
|a Harlow, England :
|b FT Prentice Hall,
|c c2004
|
| 300 |
|
|
|a xxii
|a 620σ. :
|b εικ. ;
|c 25εκ.
|
| 504 |
|
|
|a Περιλαμβάνει βιβλιογραφίες και ευρετήριο.
|
| 650 |
|
0 |
|a Managerial economics
|
| 650 |
|
4 |
|a επιχειρησεις
|x οικονομικα
|
| 650 |
|
4 |
|a ΟΙΚΟΝΟΜΙΚΗ ΑΝΑΠΤΥΞΗ
|
| 650 |
|
4 |
|a Παγκόσμια Οικονομία
|
| 942 |
|
|
|2 ddc
|
| 952 |
|
|
|0 0
|1 0
|2 ddc
|4 0
|6 330_024000000000000_658_MCA
|7 0
|9 271298
|a MSLG
|b MSLG
|c BSC
|d 2021-01-17
|e 24
|f 0
|g 0.00
|l 0
|o 330.024.658 MCA
|p 2420000022011
|r 2021-01-17 00:00:00
|t 1
|w 2021-01-17
|y BK15
|x 20070709 0 ΓΑΒΡΙΝΑ 1
|x GrPaTEI
|
| 971 |
|
|
|a .b25787639
|b 15-04-20
|c 13-09-16
|
| 999 |
|
|
|c 156685
|d 156685
|